Mondiale di Calcio 2026 - Morte Improvvisa - Statistics

Statistiche generali
  • Questo quiz è stato fatto 1.101 volte
  • Il punteggio medio è 13 su 48
Answers on the Grid
Answers color-coded by a green-red scale on the quiz's grid according to % correct below.
Francia
Spagna
Portogallo
Inghilterra
Scozia
Germania
Belgio
Paesi Bassi
Svizzera
Austria
Bosnia Erzegovina
Repubblica Ceca
Croazia
Turchia
Norvegia
Svezia
Nuova Zelanda
Australia
Qatar
Iran
Iraq
Giordania
Arabia Saudita
Giappone
Uzbekistan
Corea del Sud
Brasile
Argentina
Uruguay
Paraguay
Colombia
Ecuador
Stati Uniti
Canada
Messico
Haiti
Curacao
Panama
Capo Verde
Ghana
Repubblica Democratica del Congo
Sudafrica
Senegal
Costa d'Avorio
Egitto
Marocco
Tunisia
Algeria
Italia
Galles
Irlanda
Irlanda del Nord
Finlandia
Islanda
Ucraina
Polonia
Slovenia
Slovacchia
Danimarca
Albania
Macedonia del Nord
Romania
Russia
Ungheria
Grecia
Camerun
Gabon
Mali
Guinea
Nigeria
Venezuela
Bolivia
Cile
Peru
Giamaica
Costa Rica
Cina
India
Indonesia
Israele
 
Statistiche sulle risposte
Risposta % Corretto
Inghilterra
44%
Francia
43%
Brasile
42%
Spagna
42%
Germania
41%
Portogallo
41%
Belgio
39%
Messico
38%
Marocco
37%
Argentina
36%
Stati Uniti
36%
Bosnia Erzegovina
34%
Canada
34%
Croazia
34%
Paesi Bassi
34%
Svizzera
34%
Giappone
33%
Norvegia
33%
Uruguay
32%
Iran
31%
Turchia
31%
Colombia
26%
Svezia
26%
Senegal
25%
Australia
24%
Austria
24%
Corea del Sud
23%
Curacao
23%
Egitto
23%
Qatar
23%
Capo Verde
21%
Scozia
20%
Arabia Saudita
18%
Uzbekistan
18%
Ecuador
17%
Ghana
17%
Repubblica Democratica del Congo
17%
Algeria
16%
Nuova Zelanda
16%
Costa d'Avorio
15%
Haiti
15%
Iraq
15%
Sudafrica
15%
Repubblica Ceca
14%
Tunisia
13%
Giordania
12%
Paraguay
12%
Panama
11%
Nessun quiz corrispondente trovato
Distribuzione punteggi
Percentuale di utenti per punteggio
Percentile per numero di risposta
I tuoi punteggi nel tempo
Non hai fatto questo quiz